Tuyển tập Vũ Trọng Phụng Hai tập

Bewaard in:
Bibliografische gegevens
Hoofdauteur: Vũ Trọng Phụng
Formaat: Boek
Tags: Voeg label toe
Geen labels, Wees de eerste die dit record labelt!
Thư viện lưu trữ: Mạng thư viện Đại học Đà Nẵng
LEADER 00685nam a2200217 4500
001 000005525
003 1670
005 20150812140842.0
008 110817s sd
100 0 |a Vũ Trọng Phụng 
245 0 0 |a Tuyển tập Vũ Trọng Phụng  |b Hai tập  |c Vũ Trọng Phụng 
774 |a Vũ Trọng Phụng  |d Văn học  |d H.  |d 2000  |g Tập 2  |h 617 tr  |w 1694 
774 |a Vũ Trọng Phụng  |d Văn học  |d H.  |d 2000  |g Tập 1  |h 631 tr : chân dung  |w 1671 
OWN |a LSP 
999 |a From the UDN01 
TYP |a Monograph 
TYP |a Printed language 
980 |a Mạng thư viện Đại học Đà Nẵng